| 000 | 00682nam a22001695i 4500 | ||
|---|---|---|---|
| 001 | 169705 | ||
| 003 | ES-MaACL | ||
| 005 | 20230906214154.0 | ||
| 008 | 081110s1867 sp |||| | spa d | ||
| 110 | 1 |
_aEspaña. _bTribunal Supremo de Guerra y Marina. _9138861 |
|
| 245 | 1 | 0 |
_aReglamento para el régimen interior del Tribunal Supremo de Guerra y Marina : _baprobado por Real Orden de 25 de octubre de 1867. |
| 260 |
_aMadrid : _b[s.n.], _c1867 ( _fTip. y lit. del Depósito de la Guerra) |
||
| 300 |
_a86 p. ; _c26 cm. |
||
| 610 | 1 | 4 |
_aEspaña. _bTribunal Supremo de Guerra y Marina. _9138861 |
| 710 | 1 |
_aEspaña. _bDepósito de la Guerra. _9167579 |
|
| 852 | 4 |
_aES-MaACL _jT-98-F-2 |
|
| 999 |
_c169705 _d169705 |
||